<?xml version="1.0" encoding="UTF-8"?>
<record
    xmlns:xsi="http://www.w3.org/2001/XMLSchema-instance"
    xsi:schemaLocation="http://www.loc.gov/MARC21/slim http://www.loc.gov/standards/marcxml/schema/MARC21slim.xsd"
    xmlns="http://www.loc.gov/MARC21/slim">

  <leader>00837nam a2200217   4500</leader>
  <controlfield tag="001">113594</controlfield>
  <controlfield tag="003">DR-UNIBE</controlfield>
  <controlfield tag="005">20250512091402.0</controlfield>
  <controlfield tag="008">250512b        |||||||| |||| 00| 0 spa d</controlfield>
  <datafield tag="040" ind1=" " ind2=" ">
    <subfield code="a">BIBLIOTECA UNIBE</subfield>
    <subfield code="c">BIBLIOTECA UNIBE</subfield>
    <subfield code="b">spa</subfield>
    <subfield code="e">rda</subfield>
  </datafield>
  <datafield tag="041" ind1=" " ind2=" ">
    <subfield code="a">spa</subfield>
  </datafield>
  <datafield tag="082" ind1=" " ind2=" ">
    <subfield code="2">22</subfield>
    <subfield code="a">342.7295029 P977d</subfield>
  </datafield>
  <datafield tag="110" ind1="1" ind2="0">
    <subfield code="a">Puerto Rico. Constituyente</subfield>
    <subfield code="9">195210</subfield>
    <subfield code="e">autor</subfield>
  </datafield>
  <datafield tag="245" ind1="1" ind2="0">
    <subfield code="a">Diario de sesiones de la Convenci&#xF3;n Constituyente de Puerto Rico : </subfield>
    <subfield code="b">1951 y 1952  /</subfield>
  </datafield>
  <datafield tag="250" ind1=" " ind2=" ">
    <subfield code="a">Edici&#xF3;n conmemorativa</subfield>
  </datafield>
  <datafield tag="260" ind1=" " ind2=" ">
    <subfield code="a">Hato Rey : </subfield>
    <subfield code="b">Lexis-Nexis, </subfield>
    <subfield code="c">2003</subfield>
  </datafield>
  <datafield tag="300" ind1=" " ind2=" ">
    <subfield code="a">4 tomos :</subfield>
    <subfield code="c">22 x 15 cm</subfield>
  </datafield>
  <datafield tag="505" ind1=" " ind2=" ">
    <subfield code="a">Tomo 1: Sesi&#xF3;n inaugural, septiembre 17, 1951 |
Tomo 2: Sesi&#xF3;n diciembre 11 , 1951 |
Tomo 3: Sesiones enero , 1952
Tomo 4: sesiones febrero y julio, 1952
 </subfield>
  </datafield>
  <datafield tag="651" ind1=" " ind2=" ">
    <subfield code="a">Puerto Rico</subfield>
    <subfield code="x">Constituci&#xF3;n </subfield>
    <subfield code="9">194806</subfield>
  </datafield>
  <datafield tag="942" ind1=" " ind2=" ">
    <subfield code="2">ddc</subfield>
    <subfield code="c">BK</subfield>
  </datafield>
  <datafield tag="999" ind1=" " ind2=" ">
    <subfield code="c">113594</subfield>
    <subfield code="d">113594</subfield>
  </datafield>
  <datafield tag="952" ind1=" " ind2=" ">
    <subfield code="0">0</subfield>
    <subfield code="1">0</subfield>
    <subfield code="2">ddc</subfield>
    <subfield code="7">0</subfield>
    <subfield code="8">GEN</subfield>
    <subfield code="a">Principal</subfield>
    <subfield code="d">2025-04-08</subfield>
    <subfield code="l">0</subfield>
    <subfield code="o">342.7295029 P977d</subfield>
    <subfield code="p">250429</subfield>
    <subfield code="r">2025-05-12 08:50:12</subfield>
    <subfield code="t">T.1 Ej.1</subfield>
    <subfield code="w">2025-05-12</subfield>
    <subfield code="y">BK</subfield>
  </datafield>
  <datafield tag="952" ind1=" " ind2=" ">
    <subfield code="0">0</subfield>
    <subfield code="1">0</subfield>
    <subfield code="2">ddc</subfield>
    <subfield code="7">0</subfield>
    <subfield code="8">GEN</subfield>
    <subfield code="a">Principal</subfield>
    <subfield code="d">2025-04-08</subfield>
    <subfield code="l">0</subfield>
    <subfield code="o">342.7295029 P977d</subfield>
    <subfield code="p">250430</subfield>
    <subfield code="r">2025-05-12 08:50:12</subfield>
    <subfield code="t">T.2 Ej.1</subfield>
    <subfield code="w">2025-05-12</subfield>
    <subfield code="y">BK</subfield>
  </datafield>
  <datafield tag="952" ind1=" " ind2=" ">
    <subfield code="0">0</subfield>
    <subfield code="1">0</subfield>
    <subfield code="2">ddc</subfield>
    <subfield code="7">0</subfield>
    <subfield code="8">GEN</subfield>
    <subfield code="a">Principal</subfield>
    <subfield code="d">2025-04-08</subfield>
    <subfield code="l">0</subfield>
    <subfield code="o">342.7295029 P977d</subfield>
    <subfield code="p">250431</subfield>
    <subfield code="r">2025-05-12 08:50:12</subfield>
    <subfield code="t">T.3 Ej.1</subfield>
    <subfield code="w">2025-05-12</subfield>
    <subfield code="y">BK</subfield>
  </datafield>
  <datafield tag="952" ind1=" " ind2=" ">
    <subfield code="0">0</subfield>
    <subfield code="1">0</subfield>
    <subfield code="2">ddc</subfield>
    <subfield code="7">0</subfield>
    <subfield code="a">Principal</subfield>
    <subfield code="d">2025-04-08</subfield>
    <subfield code="l">0</subfield>
    <subfield code="o">342.7295029 P977d</subfield>
    <subfield code="p">250432</subfield>
    <subfield code="r">2025-05-12 08:53:40</subfield>
    <subfield code="t">T.4 Ej.1</subfield>
    <subfield code="w">2025-05-12</subfield>
    <subfield code="y">BK</subfield>
  </datafield>
</record>
